Obszary SIM w Krakowie (z mapą) - Statystyki

Ogólne statystyki
  • Ten quiz został rozwiązany 568 razy
  • Średni wynik to 57 z 105
Odpowiedzi na mapie
Odpowiedzi zakodowano w zielono-czerwonej skali na mapie do tego quizu, zgodnie z poniższymi procentami.
 
Statystyki odpowiedzi
Dzielnica Obszar % Poprawnych
I Stare Miasto Stare Miasto
92%
VI Bronowice Bronowice
89%
XVIII Nowa Huta Nowa Huta
86%
IV Prądnik Biały Prądnik Biały
85%
III Prądnik Czerwony Prądnik Czerwony
85%
II Grzegórzki Grzegórzki
83%
V Krowodrza Krowodrza
83%
IX Łagiewniki-Borek Fałęcki Łagiewniki
83%
XV Mistrzejowice Mistrzejowice
83%
XII Bieżanów-Prokocim Prokocim
83%
X Swoszowice Swoszowice
83%
XIV Czyżyny Czyżyny
82%
VIII Dębniki Dębniki
82%
VII Zwierzyniec Zwierzyniec
82%
XII Bieżanów-Prokocim Bieżanów
80%
IX Łagiewniki-Borek Fałęcki Borek Fałęcki
80%
I Stare Miasto Kazimierz
80%
XVI Bieńczyce Bieńczyce
79%
VI Bronowice Bronowice Małe
78%
XVII Wzgórza Krzesławickie Wzgórza Krzesławickie
78%
XIII Podgórze Płaszów
75%
I Stare Miasto Kleparz
72%
XI Podgórze Duchackie Kurdwanów
71%
III Prądnik Czerwony Olsza
71%
VIII Dębniki Ruczaj
68%
IV Prądnik Biały Azory
66%
IV Prądnik Biały Górka Narodowa
66%
VIII Dębniki Tyniec
66%
XVIII Nowa Huta Kombinat
64%
VI Bronowice Mydlniki
64%
XIII Podgórze Rybitwy
64%
IV Prądnik Biały Bronowice Wielkie
63%
XVIII Nowa Huta Mogiła
63%
VII Zwierzyniec Błonia
62%
VII Zwierzyniec Wola Justowska
62%
V Krowodrza Łobzów
61%
III Prądnik Czerwony Rakowice
61%
XI Podgórze Duchackie Wola Duchacka
61%
XII Bieżanów-Prokocim Złocień
61%
II Grzegórzki Dąbie
60%
I Stare Miasto Stradom
60%
IV Prądnik Biały Krowodrza Górka
59%
I Stare Miasto Piasek
59%
XVIII Nowa Huta Pleszów
59%
XIII Podgórze Stare Podgórze
59%
V Krowodrza Czarna Wieś
58%
XIV Czyżyny Łęg
57%
VIII Dębniki Zakrzówek
56%
X Swoszowice Kliny
55%
XIII Podgórze Zabłocie
55%
VII Zwierzyniec Bielany
54%
VIII Dębniki Kobierzyn
52%
VII Zwierzyniec Olszanica
52%
XII Bieżanów-Prokocim Rżąka
51%
I Stare Miasto Nowy Świat
50%
VIII Dębniki Skotniki
50%
IV Prądnik Biały Tonie
49%
IV Prądnik Biały Witkowice
49%
XVII Wzgórza Krzesławickie Krzesławice
48%
VIII Dębniki Ludwinów
48%
X Swoszowice Opatkowice
48%
VII Zwierzyniec Przegorzały
48%
XI Podgórze Duchackie Piaski Wielkie
47%
XVI Bieńczyce Zalew Nowohucki
47%
XVIII Nowa Huta Przylasek Rusiecki
46%
VIII Dębniki Kostrze
45%
XVIII Nowa Huta Ruszcza
45%
XVII Wzgórza Krzesławickie Zesławice
45%
V Krowodrza Nowa Wieś
44%
II Grzegórzki Osiedle Oficerskie
44%
I Stare Miasto Wesoła I
44%
IV Prądnik Biały Żabiniec
44%
I Stare Miasto Przedmieście Warszawskie
43%
II Grzegórzki Wesoła II
43%
VII Zwierzyniec Chełm
41%
VIII Dębniki Sidzina
41%
XVII Wzgórza Krzesławickie Grębałów
40%
XIII Podgórze Kabel
40%
XIII Podgórze Przewóz
40%
IX Łagiewniki-Borek Fałęcki Cegielniana
39%
XVIII Nowa Huta Kujawy
37%
VII Zwierzyniec Las Wolski
37%
VIII Dębniki Pychowice
37%
VIII Dębniki Bodzów
36%
IX Łagiewniki-Borek Fałęcki Białe Morza
34%
X Swoszowice Jugowice
34%
XVIII Nowa Huta Kościelniki
34%
XII Bieżanów-Prokocim Kozłówka
33%
X Swoszowice Soboniowice
33%
X Swoszowice Wróblowice
33%
V Krowodrza Małe Błonia
32%
XVII Wzgórza Krzesławickie Kantorowice
31%
XVII Wzgórza Krzesławickie Lubocza
31%
XVII Wzgórza Krzesławickie Wadów
30%
XVIII Nowa Huta Wolica
30%
X Swoszowice Kosocice
29%
X Swoszowice Rajsko
29%
XVII Wzgórza Krzesławickie Węgrzynowice
29%
XVIII Nowa Huta Wyciąże
29%
VII Zwierzyniec Zakamycze
29%
X Swoszowice Zbydniowice
28%
XVIII Nowa Huta Branice
27%
XVIII Nowa Huta Wróżenice
26%
XVII Wzgórza Krzesławickie Łuczanowice
24%
VIII Dębniki Olszyny
20%
Nie znaleziono quizów pasujących do podanych kryteriów
Rozkład punktacji
Procent ludzi z każdym wynikiem
Percentyl według liczby udzielonych odpowiedzi
Twoja historia wyników
Nie rozwiązałeś tego quizu